| Tag |
First Indicator |
Second Indicator |
Subfields |
| LEADER |
00000cam a2200000 a 4500 |
| 001 |
in00000008172 |
| 005 |
20151002070157.0 |
| 008 |
871119s1987 nyua b 10000 eng d |
| 010 |
|
|
|a 87072403
|
| 020 |
|
|
|a 0883183617
|
| 035 |
|
|
|a (OCoLC)17002304
|
| 035 |
|
|
|9 AAA0531AM
|
| 040 |
|
|
|a TXA
|c TXA
|d RCE
|d TXA
|d UtOrBLW
|
| 050 |
|
4 |
|a QC793.5.E628
|b E43 1987
|
| 245 |
0 |
0 |
|a Electron scattering in nuclear and particle science :
|b in commemoration of the 35th anniversary of the Lyman-Hanson-Scott experiment, Urbana, IL, 1986 /
|c editors: C.N. Pananicolas, L.S. Cardman & R.A. Eisenstein.
|
| 264 |
|
1 |
|a New York :
|b American Institute of Physics,
|c 1987.
|
| 300 |
|
|
|a 223 pages :
|b illustrations ;
|c 24 cm.
|
| 336 |
|
|
|a text
|b txt
|2 rdacontent
|
| 337 |
|
|
|a unmediated
|b n
|2 rdamedia
|
| 338 |
|
|
|a volume
|b nc
|2 rdacarrier
|
| 490 |
1 |
|
|a AIP conference proceedings ;
|v 161
|
| 500 |
|
|
|a "DOE CONF-8610239."--Title page verso.
|
| 500 |
|
|
|a Proceedings of the workshop on electron scattering in nuclear and particle science, University of Illinois at Urbana-Champaign, October 23-24, 1986.
|
| 504 |
|
|
|a Incudes bibliographies.
|
| 650 |
|
0 |
|a Electrons
|x Scattering
|x Congresses.
|
| 650 |
|
0 |
|a Nuclear physics
|v Congresses.
|
| 650 |
|
0 |
|a Particles (Nuclear physics)
|v Congresses.
|
| 700 |
1 |
|
|a Papanicolas, C. N.
|
| 700 |
1 |
|
|a Cardman, L. S.
|
| 700 |
1 |
|
|a Eisenstein, R. A.
|
| 830 |
|
0 |
|a AIP conference proceedings ;
|v 161.
|
| 999 |
|
|
|a MARS
|
| 999 |
f |
f |
|s a46b7d3a-6626-3825-9f88-abbe6a0da54c
|i 8462df15-a9b7-37c2-9bd3-8e658a1336b2
|t 0
|
| 952 |
f |
f |
|p ric
|a Texas A&M University
|b Rellis Campus
|c Joint Library Facility
|d Remote Storage
|t 0
|e QC793.5.E628 E43 1987
|h Library of Congress classification
|i unmediated -- volume
|m A14810998537
|
| 998 |
f |
f |
|a QC793.5.E628 E43 1987
|t 0
|l Remote Storage
|